Previdn̊cia e dignidade humana a caminho do Estado mn̕imo? /

Detalles Bibliográficos
Autor principal: C. Morais, Ocľio de Jess︢
Formato: eBook
Lenguaje:portugués
Publicado: San Pablo: LTR, 2020
Materias:
Acceso en línea:Acceso restringido

MARC

LEADER 00000nam a22000007a 4500
005 20220307122722.0
007 cr|||| ||||
008 220307s2020 br |||||s|||| 00||0 por d
020 |a 978-85-301-0215-9 
035 |a 36116 
040 |a vLex 
090 |c 13048  |d 13048 
100 1 |a C. Morais, Ocľio de Jess︢ 
245 1 0 |a Previdn̊cia e dignidade humana  |h [Recurso electrn̤ico] :  |b a caminho do Estado mn̕imo? /  |c Ocľio de Jess︢ C. Morais 
256 |a Servicio en ln̕ea 
260 |a San Pablo:  |b LTR,  |c 2020 
300 |a 1 recurso electrn̤ico 
506 1 |a Disponible solo en los productos indicados  |d vLex Global  |d vLex Global (Academic Edition, excluding Law Schools)  |d vLex Global (U.S. Academic Edition, Law Schools)  |d vLex Global (U.S. Academic Edition, excluding Law Schools)  |d vLex Global (Academic Edition, Law Schools) 
650 0 4 |a Derecho Laboral y Seguridad Social  |z Brasil 
740 0 |a vLex Libros (Servicio en ln̕ea) 
856 4 0 |u https://app.vlex.com/#/sources/36116  |z Acceso restringido 
942 |c BOOK 
999 0 |a Labor law and social security